1111 1445 1074 1269 1811 1452 1557 1395 1830 1605 1612 1920 1880 1837 1414 1262 1374 1501 1214 1658 1384 1884 1948 1233 1104 1255 1143 1976 1604 1427 1563 1543 1397 1386 1814 1636 1154 1138 1798 1879 1210 1618 1309 1376 1406 1931 1493 1907 1518 1501 1336 1530 1656 1592 1039 1356 1605 1603 1568 1826 1782 1943 1230 1163 1141 1079 1802 1968 1277 1912 1029 1567 1242 1548 1148 1784 1129 1204 1576 1108 1032 1193 1798 1291 1720 1392 1471 1383 1128 1523 1304 1205 1033 1794 1777 1325 1089 1643 1679 BCNSPRNW ULIB Ver.6.0+V

เปลี่ยนเป็นภาษาไทย

Change to English
 แสดงรายละเอียดบรรณานุกรม
  กลับหน้าหลัก

Brief Record : Get Marc (ISO 2709) : E-mail record : QR code < ปิดหน้าต่าง
LEADER : 00000nam 2200000uu 4500
001    13399120538
003     ULIB
008    120924s2547||||th 000 0 tha d
020    ^a9749281687
060 04 ^aWB935^bว862ย 2547
100 0  ^aวุฒิ วุฒิธรรมเวช
245 10 ^aย่อเวชกรรมแผนไทย /^cวุฒิ วุฒิธรรมเวช
250    ^aพิมพ์ครั้งที่ 1
260    ^aกรุงเทพฯ :^bศิลป์สยามบรรจุภัณฑ์และการพิมพ์,^c2547
300    ^a264 หน้า :^bภาพประกอบสี ;^c30 ซม.
500    ^aจัดพิมพ์และจัดจำหน่ายโดย คลินิกธรรมเวชแพทย์แผนไทย
504    ^aบรรณานุกรม
650  7 ^aยาแผนโบราณ^xตำรับ
650  7 ^aการแพทย์แผนไทย
650  7 ^aการแพทย์แผนโบราณ
710 2  ^aคลินิกธรรมเวชแพทย์แผนไทย
945    ^p0^l0^i24444
995    ^aกัณชพร
999 ^a ใช้งานได้ทุกระบบ
รายการนี้ยังไม่มีแท็ก
คุณยังไม่ได้ล็อกอิน คุณสามารถมีกิจกรรมร่วมกับเว็บไซต์ได้ แต่ต้องล็อกอินก่อน ::
  ล็อกอิน

รายการสื่อสารสนเทศ

ลำดับที่ ประเภท เลขเรียก/บาร์โค้ด สถานที่ สถานะ
1. วิทยาศาสตร์การแพทย์ และสุขภาพ
วิทยาศาสตร์การแพทย์ และสุขภาพ
WB935 ว862ย 2547  
  Barcode: 24444
ห้องสมุดวิทยาเขตสวรรค์ประชารักษ์
►หนังสือทั่วไป
บนชั้น

รายการใกล้เคียง
    ผู้แต่ง [วุฒิ วุฒิธรรมเวช]

    หัวเรื่อง [การแพทย์แผนไทย]
    หัวเรื่อง [การแพทย์แผนโบราณ]

BibComment


ยังไม่เคยถูกคอมเมนท์

คอมเมนท์ทรัพยากรรายการนี้
  คอมเมนท์: ย่อเวชกรรมแผนไทย..


 Copyright 2026. Bcnsprnw @Library